Sporcle Category-a-thon Quiz Stats

 Plays Quiz Updated Aug 31, 2016

Challenge
Share
Tweet
Embed
Score 0/15 Timer 06:00
5 Plays Today
Question Answer Wrong Answers
Music
'Everybody's lookin' forward to the weekend' is a line from a song by what musical artist?
Rebecca Black
85.8%
The Beatles
11.8%
Geography
Which US state has the longest coastline?
Alaska
78.9%
California
9.6%
Florida
6.3%
Hawaii
2.7%
Television
What is the first name of Bart's school teacher on 'The Simpsons'?
Edna
78.8%
Erma
9%
Ella
1.5%
Emma
2.1%
Sports
If you added a letter to each of these words, 3 of them would become the name of an NFL team. Which would not?
Mainers
74.4%
Chefs
7.2%
Riders
7.7%
Panters
6%
Just for Fun
If you clicked on buttons, in order, from 15 - 23, how many buttons would you have pressed?
9
73.5%
7
2.1%
8
10.1%
10
3.4%
Movies
Which of these Pixar movies grossed the most money from their worldwide box office?
Toy Story 3
60.6%
Finding Nemo
17.1%
Monsters Inc
3.9%
Inside Out
5.7%
Entertainment
Which automobile's logo does not include any circles?
Honda
51.2%
Volkswagen
7.6%
Audi
1.9%
Mercedes-Benz
3.8%
Religion
Which Greek god is known as the Messenger of the Gods?
Hermes
45.7%
Athena
2.5%
Mercury
11.4%
Artemis
4.5%
Holiday
Who was the antagonist of the horror film 'Halloween', released in 1978?
Michael Myers
42.2%
Leatherface
2.8%
Jason Vorhees
11.3%
Freddy Krueger
9.2%
Science
How many of the 3 letter body parts start with a vowel?
3
38.3%
2
17.7%
4
6%
5
4.8%
Literature
Which is not the first name of a Dumbledore from the Harry Potter series?
Adalbert
35.5%
Aberforth
5%
Albus
10.5%
Ariana
17.9%
History
Following the success his predecessor had with a stuffed toy animal, which US President had a toy possum named after him?
Taft
33.4%
Roosevelt
19%
McKinley
10.5%
Eisenhower
8.8%
Gaming
Which two original Pokémon characters can you combine parts of their names to make a large mollusk?
Geodude and Golduck
23.9%
Poliwrath and Machop
14.7%
Articuno and Snorlax
12.4%
Lickitung and Charizard
9.8%
Language
Of the 100 most common English words, which of these is the most common pronoun?
he
23.1%
me
17.3%
you
41.3%
she
0.8%
Miscellaneous
Which fast food chain's name was originally preceded by the word 'Insta'?
Burger King
13.1%
McDonald's
2.1%
Wendy's
3.3%
Sonic
45%

You're not logged in!

Compare scores with friends on all Sporcle quizzes.
OR
Log In

You Might Also Like...

Show Comments

Extras

Top Quizzes Today


Score Distribution

Your Account Isn't Verified!

In order to create a playlist on Sporcle, you need to verify the email address you used during registration. Go to your Sporcle Settings to finish the process.

Report this User

Report this user for behavior that violates our Community Guidelines.

Details: